000 00603cam a2200205 a 4500
001 11828711
005 20241113205233.0
008 990524s1998 gh b 001 0 eng
020 _a9988010087
050 0 0 _aKRX774
_b.C73 1998
082 0 0 _a346.66705/4
_221
100 1 _aCrabbe, Samuel Azu,
_d1918-
245 1 0 _aLaw of Wills in Ghana /
_cby Samuel Azu Crabbe.
260 _aAccra, Ghana :
_bVieso Universal (Ghana) Ltd.,
_c1998.
300 _axxxix, 291 p. ;
_c23 cm.
500 _aIncludes Index
650 0 _aWills
_zGhana.
650 0 _aInheritance and succession
_zGhana.
942 _2lcc
_cBK
_n0
999 _c1155
_d1155